000 00719nam a2200217Ii 4500
003 JO-AjNU
008 230606s9999||||xx |||||||||||||| ||und||
020 _a0-07-071138-0
040 _aJO-AjNU
_beng
_erda
_cJO-AjNU
041 _aeng
050 1 4 _aHF5661 .W66 1982
100 3 _aWiseman, Joseph A / Cashin, James A,
_eauthor
_93233
245 0 0 _aSchaum's Outline of Theory and Problems of Advanced Accounting
264 3 1 _aNew York: McGraw-Hill,1982
300 _a402p
_b Includes indexes(p399-402)
336 _atext
_btxt
_2rdacontent
337 _aunmediated
_bn
_2rdamedia
338 _avolume
_bnc
_2rdacarrier
490 0 _aSchaum's outline series
650 4 _a Accounting - Problems, exercises etc
_93234
999 _aE1692
_c1692
_d1692